Využívanie obchodnej značky v obchodných reťazcoch diplomová práca

Na minha lista:
Detalhes bibliográficos
Autor principal: Miklášová, Danila
Autor Corporativo: Obchodná fakulta EU. Katedra obchodného práva
Outros Autores: Kropaj, Marián, 1983-
Formato: Livro
Idioma:eslovaco
Publicado em: Bratislava 2014
Tags: Adicionar Tag
Sem tags, seja o primeiro a adicionar uma tag!

MARC

LEADER 00000nbm a2200000 4500
001 0186247
005 20170201095711.7
041 0 |a slo 
044 |a SK 
245 1 0 |a Využívanie obchodnej značky v obchodných reťazcoch  |b diplomová práca  |c Danila Miklášová ; školiteľ: Marian Kropaj 
264 1 |a Bratislava  |c 2014 
300 |a 69 s. 
100 1 |a Miklášová, Danila 
700 1 |a Kropaj, Marián, 1983- 
710 2 |a Obchodná fakulta EU. Katedra obchodného práva